000 01199cam a22003857a 4500
003 CHAP
005 20220817043545.0
008 990622d1997 it rn 00110 eng d
010 _a78386
011 _a79358
020 _a9251037898
035 _a89580
040 _cCHAP
082 0 4 _a338.9
_bF3 v.133
110 2 _aFAO
245 1 0 _aImplications of regional trade arrangements for agricultural trade
_c/by Tim Josling
260 _aRome :
_bFAO,
_c1997.
300 _a167 p.
410 2 _aFAO
490 0 _aDesarrollo económico y social
_v; 133
590 _aBATCH-UPD
_b10
_c20130110
_lUCH01
_h0821
590 _aBATCH-UPD
_b10
_c20130410
_lUCH01
_h0459
590 _aBATCH-UPD
_b10
_c20130914
_lUCH01
_h1345
590 _aCONVERSION
_b10
_c20130109
_lUCH01
_h1343
650 1 4 _aAgricultura
_xAspectos económicos.
650 1 4 _aPolítica agrícola.
_990283
650 1 4 _aProductos agrícolas
_xMercadeo.
_991951
700 0 _aJosling, Tim.
_962205
810 0 _aFAO
830 0 0 _aDesarrollo económico y social
_v; 133
_932058
901 _aBK
905 _aLilia Sánchez G.
942 _cLIBRO
949 _a338.9 F3 v.133
_bBC
_cFAO
_d33724000727277
_eFAO1
_h95853
_i89580
_kDonaciØn
_sb
999 _c78386
_d78386